| 000 | 01094nam a2200265Ia 4500 | ||
|---|---|---|---|
| 003 | OSt | ||
| 005 | 20220923211555.0 | ||
| 006 | a|||||r|||| 00| 0 | ||
| 007 | ta | ||
| 008 | 220922b |||||||| |||| 00| 0 san d | ||
| 020 |
_a9789385539954 (hbk) _c950 |
||
| 024 | _a354,732 | ||
| 037 |
_b155/1, 23/12/2021, Vidyanidhi Prakashan _cTextual |
||
| 040 |
_aARTS _cARTS _bsan |
||
| 041 |
_2san _asan |
||
| 082 | _aG:5, 152R1 | ||
| 100 | _aद्विवेदी, मीरा, ले. | ||
| 245 | 0 | _aभारतीय ज्ञान - परम्परा में पर्यावरण एवं पारिस्थितिकी | |
| 246 | _aBhāratīya jnyān - paramparā mean paryāvaraṇ evan pāristhitikī | ||
| 260 |
_aदिल्ली _b विद्यानिधि प्रकाशन _c2021 |
||
| 300 |
_a311पृ0 _ccm. |
||
| 650 |
_aपर्यावरण विज्ञान _9156276 |
||
| 942 |
_hG:5, 152R1 _cTEXL _2CC |
||
| 999 |
_c300901 _d300901 |
||